000 00477nam a2200181Ia 4500
005 20250603145327.0
008 250603s9999 xx 000 0 und d
020 _a9780517561
050 _aP 95.82.N6 .D47/
100 _aEdited by Des Wilson, Ph.D.
245 0 _aMass media and the electoral process in Nigeria
260 _aNigeria
260 _bAfrican Council for Communication Education,
260 _c2016
300 _a268 p
650 _aNigeria
942 _cBK
999 _c41535
_d41535